书目信息 |
| 题名: |
《香港文学》精选集
|
|
| 作者: | ;香港文学编辑部 编 | |
| 分册: | 1 散文 | |
| 出版信息: | 广州 花城出版社 2008 |
|
| 页数: | 287页 | |
| 开本: | 21cm | |
| 丛书名: | ||
| 单 册: | ||
| 中图分类: | I217.61 , I267 | |
| 科图分类: | ||
| 主题词: | 文学--作品综合集--中国--现代 , 散文集--中国--现代 | |
| 电子资源: | ||
| ISBN: | 978-7-5360-5211-6 | |
| 000 | 00864nam0 2200265 450 | |
| 001 | 1251421984 | |
| 005 | 20121013141927.56 | |
| 010 | @a978-7-5360-5211-6@dCNY20.00 | |
| 100 | @a20111117d2008 em y0chiy0110 ea | |
| 101 | 0 | @achi |
| 102 | @aCN@b440000 | |
| 105 | @ay z 000cy | |
| 200 | 1 | @a《香港文学》精选集@A《 xiang gang wen xue》 jing xuan ji@dHong Kong literary collection@zeng@h1@i散文@i秋日边境@f《香港文学》编辑部编 |
| 210 | @a广州@c花城出版社@d2008 | |
| 215 | @a287页@d21cm | |
| 510 | 1 | @aHong Kong literary collection@zeng |
| 517 | 1 | @a秋日边境@Aqiu ri bian jing |
| 540 | 1 | @a香港文学精选集 |
| 606 | 0 | @a文学@x作品综合集@y中国@z现代 |
| 606 | 0 | @a散文集@y中国@z现代 |
| 690 | @aI217.61@v4 | |
| 690 | @aI267@v4 | |
| 711 | 02 | @a香港文学编辑部@Axiang gang wen xue bian ji bu@4编 |
| 801 | 0 | @aCN@bNLC@c20111117 |
| 905 | @a10447@dI217.61@eJY200 | |
| 《香港文学》精选集=Hong Kong literary collection.1.散文.秋日边境/《香港文学》编辑部编.-广州:花城出版社,2008 |
| 287页;21cm |
| ISBN 978-7-5360-5211-6:CNY20.00 |
| ● |
| 相关链接 |
|
|
|
|
正题名:《香港文学》精选集
索取号:I217.61/JY200
 
预约/预借
| 序号 | 登录号 | 条形码 | 馆藏地/架位号 | 状态 | 备注 |
| 1 | 7817487 | 278174878 | 学院路分馆/ [索取号:I217.61/JY200] | 在馆 | |
| 2 | 7817488 | 278174887 | 学院路分馆/ [索取号:I217.61/JY200] | 在馆 | |
| 3 | 7817489 | 278174896 | 学院路分馆/ [索取号:I217.61/JY200] | 在馆 |